[Event "Frankfurt Ch 2014"]
[Site "Ffm-Höchst, BiKuZ"]
[Date "2014.06.02"]
[Round "6.31"]
[White "Reichel, Rolf"]
[Black "Gutacker, Stephan"]
[Result "0-1"]
[WhiteElo "1535"]
[BlackElo "1811"]
[PlyCount "94"]
[EventDate "2014.??.??"]
[WhiteTeam "SF Frankfurt 1921"]
[BlackTeam "Sfr.1932 Kelkheim"]

1. e4 e5 2. Nf3 Nc6 3. Bb5 a6 4. Ba4 Nf6 5. Qe2 b5 6. Bb3 Bc5 7. Nc3 O-O 8. d3
Nd4 9. Nxd4 exd4 10. Nd5 Nxd5 11. Bxd5 c6 12. Bb3 d5 13. O-O dxe4 14. Qxe4 Qf6
15. Qf4 Qg6 16. Qg5 Bb4 17. Qxg6 hxg6 18. Bf4 Re8 19. a3 Ba5 20. Rfd1 Be6 21.
Bxe6 Rxe6 22. b4 Bb6 23. Re1 Rae8 24. Kf1 f6 25. Rxe6 Rxe6 26. Re1 Kf7 27. Rxe6
Kxe6 28. Ke2 Kd5 29. Bd2 Bc7 30. g3 Bd6 31. h3 g5 32. g4 g6 33. f4 Bxf4 34.
Bxf4 gxf4 35. h4 g5 36. h5 Ke6 37. Kf3 f5 38. h6 fxg4+ 39. Kxg4 Kf7 40. h7 Kg7
41. h8=R Kxh8 42. Kf3 Kg7 43. Ke4 Kf6 44. Kxd4 Kf5 45. c4 g4 46. cxb5 axb5 47.
Kc3 g3 0-1

[Event "Frankfurt Ch 2014"]
[Site "Ffm-Höchst, BiKuZ"]
[Date "2014.06.02"]
[Round "6.32"]
[White "Fröhlich-Dill, Astrid"]
[Black "Cichon, Jörg"]
[Result "1-0"]
[WhiteElo "1789"]
[BlackElo "1649"]
[PlyCount "95"]
[EventDate "2014.??.??"]
[WhiteTeam "SV 1920 Hofheim"]
[BlackTeam "Sfr.Mainz 1928"]

1. d4 Nf6 2. c4 g6 3. Nc3 Bg7 4. e4 d6 5. f3 O-O 6. Be3 Nbd7 7. Qd2 c6 8. Nge2
a6 9. Ng3 e5 10. d5 c5 11. Be2 Ne8 12. Bh6 Kh8 13. h4 f5 14. exf5 Bxh6 15. Qxh6
gxf5 16. Bd3 e4 17. fxe4 Qe7 18. O-O-O Ne5 19. exf5 Nxd3+ 20. Rxd3 Bxf5 21. Re3
Qg7 22. Nxf5 Rxf5 23. Qxg7+ Nxg7 24. Rhe1 b5 25. g4 Rf4 26. Re4 Rf7 27. Re7 Rf4
28. R1e4 Rf1+ 29. Nd1 h6 30. Rd7 Rf6 31. Ree7 Rg6 32. Ne3 Re8 33. Rxe8+ Nxe8
34. Rd8 Rg8 35. Ra8 b4 36. Rxa6 Kh7 37. Ra7+ Kg6 38. Nf5 Rf8 39. Re7 h5 40.
Re6+ Nf6 41. Ne7+ Kg7 42. g5 Ne8 43. Nc6 Kf7 44. Kd2 Kg7 45. Ke3 Kf7 46. Nd8+
Kg7 47. Rh6 Nf6 48. Ne6+ 1-0

[Event "Frankfurt Ch 2014"]
[Site "Ffm-Höchst, BiKuZ"]
[Date "2014.06.02"]
[Round "6.33"]
[White "Larem, Peter"]
[Black "Friedel, Thomas"]
[Result "1/2-1/2"]
[WhiteElo "1763"]
[BlackElo "1447"]
[PlyCount "58"]
[EventDate "2014.??.??"]
[WhiteTeam "SSG Rödermark/Eppertshausen"]
[BlackTeam "SV 1946 Groß-Gerau"]

1. e4 e5 2. d4 exd4 3. Bc4 Nc6 4. Nf3 d6 5. Nxd4 Nxd4 6. Qxd4 Qf6 7. Be3 g6 8.
Nc3 Bg7 9. O-O-O Ne7 10. Nb5 Qxd4 11. Bxd4 Bxd4 12. Rxd4 Kd8 13. f4 Be6 14.
Bxe6 fxe6 15. Rhd1 Nc6 16. R4d2 a6 17. Nd4 Nxd4 18. Rxd4 Rf8 19. g3 Ke7 20. Kd2
e5 21. Rc4 Rac8 22. Ke3 Ke6 23. a4 a5 24. b4 axb4 25. Rxb4 b6 26. Rd2 Rf7 27.
fxe5 Kxe5 28. Rd5+ Ke6 29. Rd2 Rcf8 1/2-1/2

[Event "Frankfurt Ch 2014"]
[Site "Ffm-Höchst, BiKuZ"]
[Date "2014.06.02"]
[Round "6.34"]
[White "Marchese, Eric"]
[Black "Hinz, André"]
[Result "0-1"]
[WhiteElo "1458"]
[BlackElo "1760"]
[PlyCount "78"]
[EventDate "2014.??.??"]
[WhiteTeam "SC Matt im Park Ffm"]
[BlackTeam "VfB 07 Lettin"]

1. e4 c5 2. d4 cxd4 3. c3 d3 4. Bxd3 Nc6 5. Nf3 g6 6. O-O Bg7 7. Qe2 d6 8. h3
Nf6 9. Bf4 O-O 10. Rd1 e5 11. Bh2 Be6 12. Bb5 Qc7 13. Ng5 Rad8 14. Nd2 a6 15.
Nxe6 fxe6 16. Ba4 b5 17. Bb3 Qf7 18. Nf3 Bh6 19. Rd3 Na5 20. Bc2 Nh5 21. Rad1
Qc7 22. h4 Nf4 23. Bxf4 Bxf4 24. g3 Bh6 25. Ng5 Bxg5 26. hxg5 Nc4 27. Bb3 Qc5
28. Bxc4 bxc4 29. R3d2 d5 30. Qg4 Qb6 31. Kg2 d4 32. a3 d3 33. Rf1 Rf7 34. f4
Qe3 35. Rff2 Qxe4+ 36. Kh2 Rf5 37. Qf3 Qe1 38. Rd1 d2 39. Rf1 e4 {ZÜ} 0-1

[Event "Frankfurt Ch 2014"]
[Site "Ffm-Höchst, BiKuZ"]
[Date "2014.06.02"]
[Round "6.35"]
[White "Göbel, Andreas"]
[Black "Imelmann, Esther"]
[Result "1-0"]
[WhiteElo "1900"]
[BlackElo "1662"]
[PlyCount "83"]
[EventDate "2014.??.??"]
[WhiteTeam "SC Brett vorm Kopp Ffm"]
[BlackTeam "Vorw.Orient Mainz"]

1. c4 e6 2. Nc3 d5 3. d4 Nf6 4. Bg5 Be7 5. e3 c6 6. Nf3 Nbd7 7. Bd3 dxc4 8.
Bxc4 b5 9. Bd3 a6 10. Rc1 c5 11. O-O c4 12. Bb1 Bb7 13. Qe2 Qb8 14. e4 e5 15.
d5 h6 16. Bh4 O-O 17. h3 Rc8 18. g4 Bc5 19. Bg3 Bd6 20. Nd1 Bc5 21. Ne3 Bxe3
22. Qxe3 Ne8 23. Qd2 f6 24. Nd4 Nd6 25. Nc6 Bxc6 26. dxc6 Nb6 27. f4 Nf7 28. h4
Rxc6 29. g5 hxg5 30. hxg5 fxg5 31. fxe5 Qc8 32. Rf5 Qe6 33. Rcf1 b4 34. Rxf7
Qxf7 35. Rxf7 Kxf7 36. Qxb4 Rd8 37. Bc2 c3 38. Bb3+ Ke8 39. bxc3 Rd3 40. Bf2
Rdxc3 41. Bxb6 Rc1+ 42. Kg2 1-0

[Event "Frankfurt Ch 2014"]
[Site "Ffm-Höchst, BiKuZ"]
[Date "2014.06.02"]
[Round "6.36"]
[White "Geringer, Waldemar"]
[Black "Wagner, Günter"]
[Result "1-0"]
[WhiteElo "1858"]
[BlackElo "1634"]
[PlyCount "57"]
[EventDate "2014.??.??"]
[WhiteTeam "SSG Rödermark/Eppertshausen"]
[BlackTeam "SV 1946 Groß-Gerau"]

1. d4 Nf6 2. c4 g6 3. Nc3 d5 4. cxd5 Nxd5 5. e4 Nxc3 6. bxc3 Bg7 7. Be3 O-O 8.
Rb1 c5 9. Nf3 Nc6 10. Be2 Qa5 11. O-O Rd8 12. Rb5 Qxc3 13. Bd2 Qa3 14. Rb3 Qxa2
15. d5 Na5 16. Rb5 Nc4 17. Bg5 f6 18. Bf4 Nd6 19. Rxc5 Nxe4 20. d6 Nxc5 21.
dxe7 Re8 22. Bb5 Bd7 23. Bxd7 Nxd7 24. Qxd7 Kf7 25. Re1 Qc4 26. Bd6 g5 27. Qxb7
g4 28. Nh4 Qd4 29. Qb3+ 1-0

[Event "Frankfurt Ch 2014"]
[Site "Ffm-Höchst, BiKuZ"]
[Date "2014.06.02"]
[Round "6.37"]
[White "Zimmer, Gerald"]
[Black "Balzereit, Georg"]
[Result "1-0"]
[WhiteElo "1832"]
[BlackElo "1632"]
[PlyCount "80"]
[EventDate "2014.??.??"]
[WhiteTeam "SC Bergen-Enkheim 1922"]
[BlackTeam "vereinslos"]

1. d4 Nf6 2. c4 e5 3. dxe5 Ng4 4. Nf3 Bc5 5. e3 Nc6 6. Be2 Ngxe5 7. a3 Nxf3+ 8.
Bxf3 Ne5 9. b4 Qf6 10. Ra2 Nxf3+ 11. gxf3 Be7 12. Bb2 Qg6 13. Ke2 Bf6 14. Rg1
Qh6 15. Bxf6 Qxf6 16. Qd3 d6 17. Nc3 Be6 18. Nb5 O-O-O 19. Rc2 Kb8 20. Nd4 Bc8
21. b5 Rhe8 22. a4 Qe5 23. a5 f5 24. a6 g6 25. Ra2 f4 26. Rga1 fxe3 27. fxe3
Qxh2+ 28. Kd1 Qg1+ 29. Kd2 Qf2+ 30. Qe2 Qxe2+ 31. Kxe2 Be6 32. Nxe6 Rxe6 33.
axb7 Kxb7 34. Rxa7+ Kb6 35. R1a6+ Kc5 36. Rxc7+ Kb4 37. e4 h5 38. Rcc6 h4 39.
Kf2 Rf6 40. e5 h3 1-0

[Event "Frankfurt Ch 2014"]
[Site "Ffm-Höchst, BiKuZ"]
[Date "2014.06.02"]
[Round "6.38"]
[White "Miller, Justin"]
[Black "Bittner, Peter"]
[Result "1-0"]
[WhiteElo "1634"]
[BlackElo "1827"]
[PlyCount "123"]
[EventDate "2014.??.??"]
[WhiteTeam "Sfr.1932 Kelkheim"]
[BlackTeam "SC 1961 König Nied"]

1. e4 c6 2. d4 d5 3. Nc3 dxe4 4. Nxe4 Bf5 5. Ng3 Bg6 6. Nf3 e6 7. Bd3 Bd6 8.
Ne4 Bxe4 9. Bxe4 Nf6 10. Bd3 Nbd7 11. O-O O-O 12. Re1 h6 13. c3 Qc7 14. g3 Rad8
15. Qc2 c5 16. b3 Rc8 17. Bb2 a6 18. c4 Qb8 19. Qe2 Rce8 20. Ne5 cxd4 21. Bxd4
Bxe5 22. Bxe5 Nxe5 23. Qxe5 Qxe5 24. Rxe5 Rd8 25. Rd1 Rd7 26. Be2 Rfd8 27. Rxd7
Rxd7 28. Bf3 Kf8 29. Kf1 Ke7 30. Ke2 Kd6 31. Re3 b5 32. cxb5 axb5 33. Rd3+ Kc5
34. Rxd7 Nxd7 35. a3 f5 36. Ke3 e5 37. Be2 g5 38. h3 Nf6 39. f3 h5 40. b4+ Kb6
41. Bd3 Nd5+ 42. Kd2 f4 43. g4 hxg4 44. hxg4 Nc7 45. Bf5 Kc6 46. Kd3 Kd6 47.
Bc8 Kd5 48. Bb7+ Ke6 49. Ke4 Ne8 50. Bc8+ Kd6 51. Kf5 Kc7 52. Be6 Kd6 53. Bf7
Nc7 54. Kxg5 Nd5 55. Bxd5 Kxd5 56. Kf5 Kd4 57. g5 Ke3 58. Kxe5 Kxf3 59. g6 Ke3
60. g7 f3 61. g8=Q f2 62. Qg3+ 1-0

[Event "Frankfurt Ch 2014"]
[Site "Ffm-Höchst, BiKuZ"]
[Date "2014.06.02"]
[Round "6.39"]
[White "Jung, Bernd"]
[Black "Straub, Fabian"]
[Result "0-1"]
[WhiteElo "1618"]
[BlackElo "1816"]
[PlyCount "54"]
[EventDate "2014.??.??"]
[WhiteTeam "Sfr.Erbach"]
[BlackTeam "SV Frankfurt Nord 1926"]

1. e4 e6 2. Nf3 d5 3. e5 c5 4. b4 cxb4 5. d4 Ne7 6. Bd3 b6 7. O-O Ba6 8. a3
Bxd3 9. Qxd3 Nec6 10. Bd2 Qd7 11. axb4 Nxb4 12. Qb3 N8c6 13. c3 Na5 14. Rxa5
bxa5 15. cxb4 axb4 16. Rc1 Be7 17. Ne1 O-O 18. Nd3 a5 19. Nc5 Bxc5 20. dxc5 Qc6
21. Be3 Rfb8 22. Nd2 a4 23. Qd3 b3 24. Bd4 b2 25. Re1 a3 26. Nb3 Qb5 27. Qxb5
Rxb5 0-1

[Event "Frankfurt Ch 2014"]
[Site "Ffm-Höchst, BiKuZ"]
[Date "2014.06.02"]
[Round "6.40"]
[White "Lessmann, Sven"]
[Black "Makilla, Tobias"]
[Result "1-0"]
[WhiteElo "1365"]
[BlackElo "1762"]
[PlyCount "77"]
[EventDate "2014.??.??"]
[WhiteTeam "SC Bad Soden"]
[BlackTeam "SC 1979 Hattersheim"]

1. d4 d5 2. c4 Nc6 3. Nc3 Nf6 4. Nf3 dxc4 5. e4 Bg4 6. e5 Nd5 7. Bxc4 e6 8. O-O
a6 9. a3 Nb6 10. Be2 Bxf3 11. Bxf3 Nxd4 12. Bxb7 Ra7 13. Be4 c5 14. Be3 Rc7 15.
Qd3 Be7 16. Qxa6 Nd5 17. Bxd4 cxd4 18. Qa4+ Qd7 19. Qxd4 O-O 20. Bxd5 exd5 21.
Qxd5 Qf5 22. Qe4 Qg5 23. Nd5 Rc5 24. f4 Qh4 25. g3 Qh3 26. Nxe7+ Kh8 27. Rac1
Rb5 28. b4 Qd7 29. Nf5 Qa7+ 30. Qe3 Qd7 31. Nd6 Rbb8 32. Rc3 f6 33. Rfc1 fxe5
34. Qxe5 Qa7+ 35. Qc5 Qa8 36. Qc7 h6 37. Qa5 Qxa5 38. bxa5 Kh7 39. Rc8 1-0

[Event "Frankfurt Ch 2014"]
[Site "Ffm-Höchst, BiKuZ"]
[Date "2014.06.02"]
[Round "6.41"]
[White "Plattner, Rolf"]
[Black "Manasek, Martin"]
[Result "1-0"]
[WhiteElo "1740"]
[BlackElo "1334"]
[PlyCount "67"]
[EventDate "2014.??.??"]
[WhiteTeam "SK Langen"]
[BlackTeam "Bad Vilbeler Sfr. 1985"]

1. e4 c5 2. Nf3 Nc6 3. Bb5 Nd4 4. Nxd4 cxd4 5. O-O g6 6. d3 Bg7 7. Nd2 Nf6 8.
Nf3 O-O 9. Bc4 Ne8 10. Bf4 e6 11. e5 d5 12. Bb3 f6 13. Qe2 Qb6 14. c3 dxc3 15.
bxc3 g5 16. exf6 gxf4 17. fxg7 Nxg7 18. d4 Bd7 19. Ne5 Bb5 20. c4 dxc4 21. Bxc4
Bxc4 22. Qxc4 Rad8 23. Rad1 Nf5 24. d5 Ne3 25. fxe3 Qxe3+ 26. Kh1 Qxe5 27. dxe6
Kg7 28. Rde1 Qd4 29. Qc7+ Kg6 30. e7 Rfe8 31. exd8=Q Rxd8 32. Rxf4 Qd1 33. Qf7+
Kh6 34. Qf6+ 1-0

[Event "Frankfurt Ch 2014"]
[Site "Ffm-Höchst, BiKuZ"]
[Date "2014.06.02"]
[Round "6.42"]
[White "Diehl, Stefan"]
[Black "Günther, Rainer"]
[Result "1-0"]
[WhiteElo "1702"]
[BlackElo "1572"]
[PlyCount "61"]
[EventDate "2014.??.??"]
[WhiteTeam "SC 1910 Höchst"]
[BlackTeam "SV Mainz-Mombach"]

1. f4 d5 2. Nf3 Nf6 3. g3 c5 4. Bg2 e6 5. d3 Nc6 6. O-O Qc7 7. Na3 a6 8. c4 d4
9. Nc2 Be7 10. e3 dxe3 11. Nxe3 O-O 12. b3 Rd8 13. Bb2 Nb4 14. Ne5 Qd6 15. Qe2
Nd7 16. Nxf7 Kxf7 17. Qh5+ Kg8 18. Be4 Nf8 19. Ng4 e5 20. fxe5 Qe6 21. Rxf8+
Kxf8 22. Rf1+ Bf6 23. exf6 g6 24. Qh6+ Ke8 25. f7+ Kd7 26. f8=N+ Rxf8 27. Qxf8
Nc6 28. Rf7+ Ne7 29. Ne5+ Kd6 30. Qd8+ Bd7 31. Qxa8 1-0

[Event "Frankfurt Ch 2014"]
[Site "Ffm-Höchst, BiKuZ"]
[Date "2014.06.02"]
[Round "6.43"]
[White "Leibold, Mathias"]
[Black "Popp, Matthias"]
[Result "1-0"]
[WhiteElo "1682"]
[BlackElo "1530"]
[PlyCount "107"]
[EventDate "2014.??.??"]
[WhiteTeam "SV 1926 Fechenheim"]
[BlackTeam "SC Bergen-Enkheim 1922"]

1. e4 c5 2. c4 Nc6 3. Nc3 e6 4. Be2 Nd4 5. Nf3 Nxe2 6. Qxe2 Ne7 7. O-O Nc6 8.
b3 Be7 9. Bb2 O-O 10. Rad1 Nd4 11. Nxd4 cxd4 12. Na4 e5 13. f4 f6 14. Bc1 exf4
15. Rxf4 d6 16. Qh5 f5 17. exf5 Bg5 18. Rxd4 Rxf5 19. Qe2 Re5 20. Qxe5 dxe5 21.
Rxd8+ Bxd8 22. Bb2 Bc7 23. Re1 Bf5 24. Bxe5 Re8 25. d4 Kf7 26. Kf2 Ba5 27. Rd1
Bb4 28. h3 h5 29. Ke3 g5 30. Rf1 Kg6 31. Kf2 Ba5 32. c5 Bb4 33. Ra1 Ba5 34. a3
Bd8 35. Nc3 g4 36. hxg4 hxg4 37. Nb5 Bc2 38. b4 Rf8+ 39. Kg3 Be4 40. Nc3 Bc6
41. d5 Bd7 42. a4 Re8 43. Bd4 Bg5 44. Kf2 Bd2 45. b5 Bxc3 46. Bxc3 Rf8+ 47. Ke3
Re8+ 48. Kd2 Re4 49. c6 bxc6 50. dxc6 Bc8 51. a5 Rc4 52. Rb1 Kf5 53. Kd3 Rc5
54. Kd4 1-0

[Event "Frankfurt Ch 2014"]
[Site "Ffm-Höchst, BiKuZ"]
[Date "2014.06.02"]
[Round "6.44"]
[White "Gude, Michael"]
[Black "Bastian, Holger"]
[Result "0-1"]
[WhiteElo "1587"]
[BlackElo "1680"]
[PlyCount "82"]
[EventDate "2014.??.??"]
[WhiteTeam "SF Fürth 1951 e.V."]
[BlackTeam "Aschaffenburg- Schweinheim"]

1. e4 d6 2. d4 Nf6 3. Nc3 g6 4. f4 Bg7 5. Nf3 O-O 6. Be2 Nc6 7. O-O e5 8. fxe5
dxe5 9. d5 Nd4 10. Bg5 Qd6 11. Qd2 a6 12. Rad1 b5 13. a3 Bd7 14. b4 a5 15. bxa5
Rxa5 16. Nxd4 exd4 17. Bxf6 Bxf6 18. Rxf6 Qxf6 19. Qxd4 Qxd4+ 20. Rxd4 Rxa3 21.
Nxb5 Bxb5 22. Bxb5 Rc3 23. Ba4 f6 24. Bb3 Kg7 25. Ra4 Re8 26. Kf2 Kf8 27. Ra6
Rxe4 28. Rxf6+ Kg7 29. Rf3 Rxf3+ 30. gxf3 Re5 31. c4 Kf6 32. Bc2 h6 33. Bd3 g5
34. Be4 Re8 35. h3 Ke5 36. Bd3 Kd4 37. Bf1 Re7 38. Kg3 Re1 39. Kf2 Rxf1+ 40.
Kxf1 Kxc4 41. f4 gxf4 0-1

[Event "Frankfurt Ch 2014"]
[Site "Ffm-Höchst, BiKuZ"]
[Date "2014.06.02"]
[Round "6.45"]
[White "Zerhusen, Martin"]
[Black "Lemonidis, Christos"]
[Result "1/2-1/2"]
[WhiteElo "1587"]
[BlackElo "1741"]
[PlyCount "103"]
[EventDate "2014.??.??"]
[WhiteTeam "SV Oberursel"]
[BlackTeam "SC 1961 König Nied"]

1. d4 d6 2. c4 g6 3. Nc3 Bg7 4. Nf3 e5 5. dxe5 dxe5 6. Qxd8+ Kxd8 7. e3 c6 8.
Bd2 f6 9. Be2 Be6 10. O-O Nd7 11. Rfd1 Nh6 12. b3 Kc7 13. Rac1 Rad8 14. Na4 Nf7
15. Bb4 b6 16. Rd2 Nb8 17. Rcd1 Rxd2 18. Rxd2 Rd8 19. Rxd8 Nxd8 20. Ba3 Bd7 21.
Nc3 f5 22. Nd2 Ne6 23. Nd1 Na6 24. Kf1 Nac5 25. Bb2 e4 26. Bxg7 Nxg7 27. g3 Ne8
28. Nb2 Nd6 29. h4 Nf7 30. Ke1 Ne5 31. Kd1 Be6 32. Ke1 Kd6 33. Kd1 Ncd7 34. Kc2
Nf6 35. Kd1 Kc5 36. a3 Nfd7 37. Kc2 a5 38. Na4+ Kd6 39. Kc3 Kc7 40. Kc2 Nf6 41.
Kd1 Bd7 42. Nc3 Be8 43. Ke1 Nfd7 44. Na4 Nb8 45. Kd1 Na6 46. Kc2 Kb7 47. Kc3 b5
48. Nb2 b4+ 49. axb4 axb4+ 50. Kc2 Nc5 51. Nf1 Kb6 52. Nd2 1/2-1/2

[Event "Frankfurt Ch 2014"]
[Site "Ffm-Höchst, BiKuZ"]
[Date "2014.06.02"]
[Round "6.46"]
[White "Kirschner, Matthias"]
[Black "Koch, Thomas"]
[Result "1-0"]
[WhiteElo "1511"]
[BlackElo "1734"]
[PlyCount "81"]
[EventDate "2014.??.??"]
[WhiteTeam "SV 1997 Nauheim"]
[BlackTeam "SV 1934 Ffm-Griesheim"]

1. c4 f5 2. Nc3 Nf6 3. g3 g6 4. Bg2 Bg7 5. d3 O-O 6. Nf3 d6 7. Rb1 a5 8. a3 e5
9. Nd2 Qe8 10. O-O c6 11. Qc2 Nh5 12. b4 axb4 13. axb4 f4 14. Nde4 fxg3 15.
hxg3 Qe6 16. b5 Kh8 17. bxc6 Nxc6 18. Be3 Nd4 19. Bxd4 exd4 20. Nd5 Ra7 21. Nc7
Qe7 22. Nb5 Ra6 23. Ra1 Nf6 24. Nxf6 Rxa1 25. Rxa1 Qxf6 26. Rf1 Qe7 27. Qd2 Be5
28. Na3 d5 29. Qb2 Bd6 30. Qxd4+ Rf6 31. Nb5 Bc5 32. Qxd5 Rf5 33. Qe4 Re5 34.
Qf4 g5 35. Qc1 Rxe2 36. Nc3 Re5 37. Nd5 Qf7 38. Qa1 Bd6 39. c5 Bc7 40. Nxc7
Qxc7 41. Re1 1-0

[Event "Frankfurt Ch 2014"]
[Site "Ffm-Höchst, BiKuZ"]
[Date "2014.06.02"]
[Round "6.47"]
[White "Fischer, Lutz"]
[Black "Winter, Olaf"]
[Result "0-1"]
[WhiteElo "1671"]
[BlackElo "1605"]
[PlyCount "90"]
[EventDate "2014.??.??"]
[WhiteTeam "SF Frankfurt 1921"]
[BlackTeam "SK Bad Homburg 1927"]

1. e4 e6 2. d4 g6 3. Nf3 Bg7 4. Nc3 Ne7 5. Be3 a6 6. Bd3 b5 7. Qd2 h6 8. O-O-O
Bb7 9. Rhe1 d5 10. e5 Nd7 11. g4 Rc8 12. Nh4 c5 13. dxc5 Nxc5 14. Bxc5 Rxc5 15.
f4 Nc6 16. Nf3 h5 17. g5 Na5 18. Nd4 Nc4 19. Qf2 Bf8 20. Bxg6 fxg6 21. Nxe6 Qb6
22. Nxc5 Bxc5 23. Qe2 Be3+ 24. Kb1 d4 25. Qd3 Bf3 26. Ne2 O-O 27. c3 Bxe2 28.
Rxe2 Rxf4 29. cxd4 Rxd4 30. Qc2 Rxd1+ 31. Qxd1 Bxg5 32. Qd5+ Kg7 33. Rg2 Qe3
34. Qd1 Qxe5 35. Re2 Qf5+ 36. Ka1 Bf6 37. Qe1 Be5 38. Rf2 Qe6 39. Qf1 Bf6 40.
Re2 Qd5 41. Qe1 Qd4 42. Qc1 Nxb2 43. Rxb2 Qxb2+ 44. Qxb2 Bxb2+ 45. Kxb2 g5 0-1

[Event "Frankfurt Ch 2014"]
[Site "Ffm-Höchst, BiKuZ"]
[Date "2014.06.02"]
[Round "6.48"]
[White "Tiraspolski, Arkadij"]
[Black "Bergner, Matthias"]
[Result "1/2-1/2"]
[WhiteElo "1664"]
[BlackElo "1557"]
[PlyCount "66"]
[EventDate "2014.??.??"]
[WhiteTeam "vereinslos"]
[BlackTeam "SV 1926 Neu-Isenburg"]

1. e4 e6 2. d4 d5 3. Nc3 dxe4 4. Nxe4 Nf6 5. Bg5 Be7 6. Bxf6 Bxf6 7. c3 Nd7 8.
Nf3 b6 9. Bb5 O-O 10. Bc6 Rb8 11. b4 Be7 12. O-O Nf6 13. Ng3 Bb7 14. Ne5 Qd6
15. Bf3 Bxf3 16. Qxf3 Qd5 17. Qe3 Bd6 18. c4 Qb7 19. Rab1 Bxe5 20. dxe5 Ne8 21.
f4 Rd8 22. Rfd1 Qc8 23. Qf3 g6 24. Rxd8 Qxd8 25. Rd1 Qe7 26. a3 a5 27. Qc3 axb4
28. axb4 Ng7 29. Qd2 Nf5 30. Ne4 Kg7 31. Nf6 h5 32. Qe1 Rd8 33. Rxd8 Qxd8
1/2-1/2

[Event "Frankfurt Ch 2014"]
[Site "Ffm-Höchst, BiKuZ"]
[Date "2014.06.02"]
[Round "6.49"]
[White "Raquet, Helmut"]
[Black "Kißler, Johann"]
[Result "1-0"]
[WhiteElo "1662"]
[BlackElo "1531"]
[PlyCount "83"]
[EventDate "2014.??.??"]
[WhiteTeam "SC 1961 König Nied"]
[BlackTeam "Sfr. Hochheim"]

1. d4 d5 2. c4 e6 3. Nf3 Nf6 4. Nc3 Nbd7 5. cxd5 exd5 6. e3 c6 7. Bd3 g6 8. Bd2
Bg7 9. Rc1 O-O 10. O-O Re8 11. Re1 Ne4 12. Qc2 Ndf6 13. h3 Bd7 14. Ne5 Nxd2 15.
Nxd7 Qxd7 16. Qxd2 Ne4 17. Bxe4 dxe4 18. Qc2 f5 19. Red1 Rac8 20. Qb3+ Qf7 21.
Qxf7+ Kxf7 22. Ne2 g5 23. g3 h5 24. Rc2 Rcd8 25. Kg2 Rd6 26. Rdc1 Red8 27. b3
Bf8 28. Rc4 Ke6 29. a4 a5 30. b4 axb4 31. Rxb4 R6d7 32. Rb6 Ra8 33. Nc3 Kf7 34.
Rcb1 Ra7 35. a5 Be7 36. a6 Rxa6 37. Rxa6 bxa6 38. Rb6 a5 39. Rxc6 Rd6 40. Rc5
Rf6 41. Rxa5 Bb4 42. Ra7+ 1-0

[Event "Frankfurt Ch 2014"]
[Site "Ffm-Höchst, BiKuZ"]
[Date "2014.06.02"]
[Round "6.50"]
[White "Jeß, Geralf"]
[Black "Gelfenbaum, Daniel"]
[Result "1-0"]
[WhiteElo "1611"]
[BlackElo "1510"]
[PlyCount "63"]
[EventDate "2014.??.??"]
[WhiteTeam "SC Matt im Park Ffm"]
[BlackTeam "SAbt TuS Makkabi Ffm"]

1. e4 c6 2. d4 d5 3. e5 Bf5 4. Nf3 e6 5. a3 c5 6. Nc3 Nc6 7. Bb5 a6 8. Bxc6+
bxc6 9. O-O Qc7 10. Bf4 Ne7 11. Nh4 cxd4 12. Nxf5 Nxf5 13. Ne2 c5 14. Qd3 Qb6
15. Rfb1 Rb8 16. b4 Be7 17. bxc5 Qxb1+ 18. Rxb1 Rxb1+ 19. Bc1 Bxc5 20. g3 O-O
21. Qxa6 Rfb8 22. Kg2 R1b6 23. Qa7 Rb5 24. Qc7 h6 25. a4 Rb4 26. Qxc5 Rxa4 27.
Ba3 Rc4 28. Qa7 Rbc8 29. Bd6 Rxc2 30. Nxd4 Nxd4 31. Qxd4 R2c4 32. Qb6 {ZÜ} 1-0

[Event "Frankfurt Ch 2014"]
[Site "Ffm-Höchst, BiKuZ"]
[Date "2014.06.02"]
[Round "6.51"]
[White "Riha, Peter"]
[Black "Muthig, Holger"]
[Result "1-0"]
[WhiteElo "1565"]
[BlackElo "1588"]
[PlyCount "71"]
[EventDate "2014.??.??"]
[WhiteTeam "SC Bergen-Enkheim 1922"]
[BlackTeam "vereinslos"]

1. d4 d5 2. Bf4 Nf6 3. e3 c6 4. c4 g6 5. Nc3 Bg7 6. Nf3 O-O 7. Be2 Bf5 8. Qb3
b6 9. O-O e6 10. Rac1 Nbd7 11. cxd5 cxd5 12. Ba6 Qe7 13. Nb5 Ne4 14. Bb7 Rae8
15. Rc7 g5 16. Be5 f6 17. Bg3 h5 18. Rfc1 h4 19. Nxh4 Nxg3 20. hxg3 gxh4 21.
gxh4 Qf7 22. Nd6 Qg6 23. Nxf5 Qxf5 24. Rxd7 Rd8 25. Rdc7 Qe4 26. g3 Kh8 27. Ba6
e5 28. dxe5 fxe5 29. Rxa7 Qf3 30. Qc2 e4 31. Qe2 Qf5 32. Rc6 d4 33. g4 Qd5 34.
Rcc7 Be5 35. Rh7+ Kg8 36. Bc4 1-0

[Event "Frankfurt Ch 2014"]
[Site "Ffm-Höchst, BiKuZ"]
[Date "2014.06.02"]
[Round "6.52"]
[White "Hartmann, Stephan"]
[Black "Stock, Jürgen"]
[Result "0-1"]
[WhiteElo "1516"]
[BlackElo "1780"]
[PlyCount "126"]
[EventDate "2014.??.??"]
[WhiteTeam "SG Turm Idstein"]
[BlackTeam "SC Eschborn 1974"]

1. c4 f5 2. Nc3 Nf6 3. Nf3 e6 4. d3 d6 5. e3 Be7 6. Be2 O-O 7. O-O a6 8. a3 Nc6
9. b4 Qe8 10. Qb3 Kh8 11. Bd2 Nd8 12. b5 axb5 13. Nxb5 Qd7 14. Nc3 Nf7 15. h3
g5 16. e4 g4 17. hxg4 fxg4 18. Nh2 e5 19. Nd5 Rg8 20. Nxf6 Bxf6 21. g3 Qe7 22.
Be3 b6 23. Qd1 h5 24. Kg2 Bg5 25. Rh1 Bxe3 26. fxe3 Qg5 27. Qg1 Rg7 28. Kf2 Bd7
29. Ke1 Kg8 30. Kd2 c6 31. Nf1 b5 32. cxb5 cxb5 33. Rh4 Qd8 34. Nh2 Qa5+ 35.
Kd1 b4 36. Ke1 bxa3+ 37. Kf2 Ng5 38. Qc1 Nh3+ 39. Rxh3 gxh3 40. Bxh5 Be6 41.
Nf1 Rc7 42. Qd1 Qc3 43. Bg4 Bb3 44. Qf3 Rf7 45. Bf5 Qb2+ 46. Kg1 Qxa1 47. Qg4+
Kf8 48. Qxh3 Rxf5 49. Qxf5+ Bf7 50. Qf6 Qc3 51. Qh8+ Bg8 52. Qf6+ Ke8 53. Qg6+
Kd7 54. Qg7+ Kc6 55. d4 exd4 56. exd4 Qb2 57. d5+ Kb6 58. Qd7 Qd4+ 59. Kh2 Qf2+
60. Kh3 Qxf1+ 61. Kh4 Qh1+ 62. Kg5 Qc1+ 63. Kg4 Qc7 0-1

[Event "Frankfurt Ch 2014"]
[Site "Ffm-Höchst, BiKuZ"]
[Date "2014.06.02"]
[Round "6.53"]
[White "Falkenhainer, Sven"]
[Black "van Bömmel, Philipp"]
[Result "1-0"]
[WhiteElo "1597"]
[BlackElo "1511"]
[PlyCount "46"]
[EventDate "2014.??.??"]
[WhiteTeam "SV 1946 Groß-Gerau"]
[BlackTeam "SC 1979 Hattersheim"]

1. e4 d6 2. Nc3 c6 3. Nf3 Bg4 4. Be2 e5 5. O-O Be7 6. d3 Nf6 7. Ng5 Bxe2 8.
Nxe2 O-O 9. Ng3 Nbd7 10. Nf5 Re8 11. Nxe7+ Qxe7 12. f4 h6 13. Nf3 d5 14. d4
dxe4 15. Nxe5 Nxe5 16. fxe5 Nh7 17. Qg4 Qe6 18. Qg3 Rad8 19. c3 Kh8 20. Be3 Rd7
21. Rf2 Nf8 22. Qh4 Qg6 23. Raf1 Ree7 1-0

[Event "Frankfurt Ch 2014"]
[Site "Ffm-Höchst, BiKuZ"]
[Date "2014.06.02"]
[Round "6.54"]
[White "Stulken, Dietmar"]
[Black "Mehl, Ulrich"]
[Result "0-1"]
[WhiteElo "1391"]
[BlackElo "1570"]
[PlyCount "108"]
[EventDate "2014.??.??"]
[WhiteTeam "SF Frankfurt 1921"]
[BlackTeam "SAbt TSG Nieder-Erlenbach 1888"]

1. e4 c6 2. d4 d5 3. exd5 cxd5 4. c4 Nf6 5. Nc3 e6 6. Nf3 Nc6 7. a3 Be7 8. Bd3
dxc4 9. Bxc4 O-O 10. O-O b6 11. Be3 Bb7 12. Ne5 Nxe5 13. dxe5 Nd5 14. Bd2 Qc7
15. Bxd5 exd5 16. Re1 Qd7 17. Be3 Rfd8 18. Bd4 Rac8 19. Re3 Bc5 20. Rg3 Bxd4
21. Qxd4 Rc4 22. Qd2 Qf5 23. Rg5 Qd7 24. Rg3 Rc6 25. Qd4 Rc4 26. Qd2 Rg4 27.
Qe2 Rxg3 28. fxg3 d4 29. Rd1 d3 30. Qe3 Qc6 31. Qf2 Ba6 32. Rf1 Rd7 33. Qd2
Qc5+ 34. Kh1 Re7 35. b4 Qxe5 36. b5 Bxb5 37. Nxb5 Qxb5 38. Rc1 Re8 39. Rd1 h6
40. h3 Rd8 41. Qc3 Qd5 42. Qc7 Re8 43. Rd2 Qe4 44. Qc3 Qe1+ 45. Kh2 Re2 46.
Qc8+ Re8 47. Qc3 Rd8 48. Qc7 Qxd2 49. Qxd8+ Kh7 50. Qd4 Qe2 51. Qf4 Qe6 52. a4
a5 53. g4 f6 54. Qd2 Qe5+ 0-1